| 000 | 00516nam a22001817a 4500 | ||
|---|---|---|---|
| 003 | OSt | ||
| 005 | 20160815174332.0 | ||
| 008 | 160815b xxu||||| |||| 00| 0 eng d | ||
| 040 | _c0126633304 | ||
| 082 | _aWC100 S911 2000. | ||
| 100 |
_aEdited by Stanberry,R.Lawrence;Bernstein; _910667 |
||
| 245 | _aSexuallyTransmitted Diseases. | ||
| 260 |
_aSan Diego. _bAcademic Press. _c2000. |
||
| 300 |
_axi,468p; _bill; _c26cm. |
||
| 504 | _a includes references and index. | ||
| 650 |
_aSTDs _910365 |
||
| 942 |
_2ddc _cO_SHELF |
||
| 999 |
_c4983 _d4983 |
||